Geography Quiz

Random Geography or State Quiz

2009 States Quiz Stats

 Plays Quiz not verified by Sporcle

Support Sporcle.
Go Orange.
Score 0/16 Timer 03:00
0 Plays Today
Month State % Correct
JanuaryNorth Carolina
54.5%
FebruaryFlorida
27.3%
FebruaryGeorgia
18.2%
AprilOhio
18.2%
MayAlaska
18.2%
JanuaryTennessee
9.1%
JanuaryPennsylvania
9.1%
FebruarySouth Carolina
9.1%
Month State % Correct
AprilVirginia
9.1%
AprilWest Virginia
9.1%
AprilMichigan
9.1%
AprilTexas
9.1%
NovemberIllinois
9.1%
OctoberNew Mexico
0%
OctoberMaine
0%
JanuaryMaryland
-9.1%

You're not logged in!

Compare scores with friends on all Sporcle quizzes.
OR
Log In

From the Vault

Vocabulary Blitz XLIX

by iglew

You probably won't find another quiz today that asks for the definition of 'crapulent'.
Remove Ads.
Support Sporcle.
Get the best of Sporcle when you Go Orange. This ad-free experience offers more features, more stats, and more fun while also helping to support Sporcle. Thank you for becoming a member.

Show Comments

Extras

Created Sep 23, 2009ReportNominate
Tags:State Quiz, 2009, month, Went

Top Quizzes Today


Score Distribution

Your Account Isn't Verified!

In order to create a playlist on Sporcle, you need to verify the email address you used during registration. Go to your Sporcle Settings to finish the process.

Report this User

Report this user for behavior that violates our Community Guidelines.

Details: